حمزة بن عبد المطلب سيد الشهداء / (رقم التسجيلة. 34834)

تفاصيل مارك
000 -LEADER
fixed length control field 00580nam a22001697a 4500
005 - DATE AND TIME OF LATEST TRANSACTION
control field 20251108165923.0
008 - FIXED-LENGTH DATA ELEMENTS--GENERAL INFORMATION
fixed length control field 250721s1978 xx 000 0 ara d
082 14 - DEWEY DECIMAL CLASSIFICATION NUMBER
Classification number ط/922.1/حمز
245 10 - TITLE STATEMENT
Title حمزة بن عبد المطلب سيد الشهداء /
264 1# - PRODUCTION, PUBLICATION, DISTRIBUTION, MANUFACTURE, AND COPYRIGHT NOTICE
Place of production, publication, distribution, manufacture طرابلس (لبنان) :
Name of producer, publisher, distributor, manufacturer دار الشمال للطباعة و النشر و التوزيع،
Date of production, publication, distribution, manufacture, or copyright notice 1978.
300 ## - PHYSICAL DESCRIPTION
Extent 46ص : مصور بالألوان
490 0# - SERIES STATEMENT
Series statement سلسلة أبطال الإسلام ؛ 2
650 17 - SUBJECT ADDED ENTRY--TOPICAL TERM
Topical term or geographic name as entry element الإسلام
650 17 - SUBJECT ADDED ENTRY--TOPICAL TERM
Topical term or geographic name as entry element التراجم
942 ## - ADDED ENTRY ELEMENTS (KOHA)
Source of classification or shelving scheme Dewey Decimal Classification
Koha item type كتب
المقتنيات
حالة السحب حالة الفقدان مصدر التصنيف حالة التلف غير قابل للإعارة المكتبة الرئيسية المكتبة الحالية موقع الرف تاريخ التزويد الرقم المتسلسل Total Checkouts رقم الإستدعاء تاريخ آخر ظهور تاريخ الفاتورة نوع المادة (كوها) الباركود
    Dewey Decimal Classification     مكتبة قتيبة للأطفال مكتبة قتيبة للأطفال الأطفال 08/11/2017 1666412   ط/922.1/حمز 28/07/2025 08/11/2017 كتب PLD00410105
    Dewey Decimal Classification Unchecked   مكتبة حمزة العامة مكتبة حمزة العامة الأطفال 06/07/2004 768   ط/922.1/حمز 28/07/2025 06/07/2004 كتب  
Implemented & Customized by: BBB with SCIT (Smart Chains for Information Technology)

Powered by Koha